00583nam a2200169Ia 4500008004100000020001800041082001700059100002700076245008700103250000700190260002400197300001100221440002100232651004000253952010300293999001700396120622s9999 xx 000 0 und d a968-7723-20-3 a972 K91s v.1 aKrauze, Enrique, 1947- aSiglo de caudillos : biografía política de México 1810-1910 / Enrique Krauze a16 aMéxico : Tusquets a349 p. aAndanzas ; 207/1 a1. MEXICO - HISTORIA - 1810-1910Ì 00104070a22b22d2007-01-25l1o972 K91S V.1p01 007117r2014-12-04s2014-12-04w2012-06-24yLB c54594d54594